[Event "Challenge"]
[Site "http://www.queenalice.com/game.php?id=1465426"]
[Date "2017.2.19"]
[Round "-"]
[White "vivi_jamile"]
[Black "luisgalvao"]
[Result "0-1"]
[WhiteElo "1350"]
[BlackElo "1214"]

1. Nc3 Nf6 2. d4 d5 3. Bf4 Bg4 4. Qd3 g6 5. f3 Bf5 6. e4 dxe4 7. fxe4 Bg4 8. h3
Bc8 9. Nf3 a6 10. Ne5 e6 11. d5 exd5 12. Nxd5 Nxd5 13. exd5 Qe7 14. O-O-O Qf6
15. Qc4 Bd6 16. Re1 O-O 17. Bh6 Re8 18. Bd3 Rxe5 19. Rxe5 Bxe5 20. Rf1 Bf5 21.
g4 Bxb2+ 22. Kb1 Ba3 23. Qxc7 Qb2# 0-1

[Event "Challenge"]
[Site "http://www.queenalice.com/game.php?id=1468107"]
[Date "2017.3.9"]
[Round "-"]
[White "vivi_jamile"]
[Black "JoseMessias"]
[Result "0-1"]
[WhiteElo "1353"]
[BlackElo "1673"]

1. d4 Nc6 2. e3 d5 3. Nf3 Bg4 4. Be2 Bf5 5. Bd3 Bg4 6. Nc3 e6 7. O-O Bb4 8. Na4
b5 9. Bxb5 Ne7 10. c3 Bd6 11. Nc5 a6 12. Nb7 Qb8 13. Bxc6+ Nxc6 14. Nxd6+ cxd6
15. Qd3 Qd8 16. Ne1 Qf6 17. b4 O-O 18. Ba3 Qg5 19. b5 axb5 20. Bxd6 Rfd8 21. Bc7
Rd7 22. Bf4 Qg6 23. Qxb5 Rc8 24. Nd3 Be2 25. Nc5 Bxb5 26. Nxd7 Bxf1 0-1

[Event "Challenge"]
[Site "http://www.queenalice.com/game.php?id=1474819"]
[Date "2017.4.23"]
[Round "-"]
[White "vivi_jamile"]
[Black "mvson33"]
[Result "0-1"]
[WhiteElo "1336"]
[BlackElo "1723"]

1. e4 e5 2. Nf3 Nc6 3. Bc4 Bc5 4. d3 Nf6 5. Be3 Bxe3 6. fxe3 O-O 7. Qd2 d6 8.
Qc3 a6 9. Qb3 Na5 10. Bxf7+ Kh8 11. Qb4 Rxf7 12. Qxa5 Bg4 13. h3 Bxf3 14. gxf3
Qd7 15. Rg1 Raf8 16. Qd2 Qxh3 17. Qg2 Qxg2 18. Rxg2 Nh5 19. Nc3 Rxf3 20. Ke2
Ng3+ 21. Kd2 Rf2+ 22. Rxf2 Rxf2+ 23. Ne2 Rxe2+ 24. Kd1 Rg2 25. c4 Rg1+ 26. Kc2
Rxa1 27. b4 Rxa2+ 28. Kc3 Re2 29. b5 Rxe3 30. bxa6 bxa6 31. c5 Nxe4+ 32. Kc4
Nxc5 33. Kd5 Rxd3+ 34. Kc6 e4 35. Kxc7 e3 36. Kd8 e2 37. Ke8 e1=Q+ 38. Kf8 Rf3#
0-1

[Event "lets bora?"]
[Site "http://www.queenalice.com/game.php?id=1476514"]
[Date "2017.5.3"]
[Round "-"]
[White "vivi_jamile"]
[Black "Tantalo"]
[Result "1/2-1/2"]
[WhiteElo "1317"]
[BlackElo "1435"]

1. e4 e5 2. d3 Nc6 3. Nf3 Nf6 4. Be3 b6 5. Be2 Ng4 6. Bg5 Be7 7. Qd2 f6 8. Be3
d5 9. Nc3 d4 10. Nd5 Bc5 11. b4 Nxe3 12. fxe3 dxe3 13. Qd1 Nxb4 14. Nh4 Nxd5 15.
Nf5 Bxf5 16. exf5 Nc3 17. Bh5+ Ke7 18. Qf3 Qd5 19. Qg4 Rhg8 20. a4 e2 21. Kd2
Bf2 22. Ra3 e1=Q+ 23. Rxe1 Bxe1+ 24. Kxe1 Qc5 25. Qg3 Qxa3 26. Bf3 Rad8 27. Kd2
Rd4 28. Bh5 Rxa4 29. Ke3 Qc1+ 30. Kf3 Qf1+ 31. Ke3 Qf4+ 32. Qxf4 Rxf4 33. g3
Nd5+ 34. Kd2 Rf2+ 35. Be2 g6 36. fxg6 Rxg6 37. h3 Rxg3 38. h4 1/2-1/2

[Event "Challenge"]
[Site "http://www.queenalice.com/game.php?id=1479132"]
[Date "2017.5.21"]
[Round "-"]
[White "AdilsonGomes"]
[Black "vivi_jamile"]
[Result "1-0"]
[WhiteElo "1526"]
[BlackElo "1325"]

1. b3 Nc6 2. Bb2 d5 3. e3 Nf6 4. d4 Bg4 5. Nf3 e6 6. h3 Bb4+ 7. c3 Bxf3 8. Qxf3
Ba5 9. b4 Bb6 10. Bd3 Ne4 11. O-O Qh4 12. Bc1 f5 13. Na3 O-O-O 14. Bxe4 dxe4 15.
Qe2 a5 16. b5 Na7 17. c4 g5 18. c5 g4 19. hxg4 Rhg8 20. f3 exf3 21. gxf3 fxg4
22. f4 g3 23. Qg2 e5 24. cxb6 cxb6 25. Rf3 exd4 26. e4 Rde8 27. e5 Rd8 28. Nc4
Rg6 29. Nd6+ Kc7 30. Ne4 Nxb5 31. Nxg3 Nc3 32. Bd2 Ne2+ 33. Qxe2 Rxg3+ 34. Rxg3
Qxg3+ 35. Qg2 Qd3 36. Rc1+ Kb8 37. a4 Qa3 38. e6 Re8 39. f5 d3 40. Bf4+ Ka7 41.
Rc7 Qa1+ 42. Kh2 Qd4 43. Qxb7# 1-0

[Event "Challenge"]
[Site "http://www.queenalice.com/game.php?id=1479133"]
[Date "2017.5.21"]
[Round "-"]
[White "vivi_jamile"]
[Black "AdilsonGomes"]
[Result "0-1"]
[WhiteElo "1334"]
[BlackElo "1515"]

1. e4 b6 2. Nc3 Bb7 3. Bc4 Nc6 4. Qf3 e6 5. d3 Nd4 6. Qg3 Nxc2+ 7. Kd2 Nxa1 8.
Ke2 Nc2 9. Bg5 Nd4+ 10. Ke3 Nc2+ 11. Kf4 Be7 12. Nb5 a6 13. Nxc7+ Qxc7+ 14. e5
Bxg5+ 15. Qxg5 g6 16. h4 f6 17. Qg4 Qxe5# 0-1

[Event "Challenge"]
[Site "http://www.queenalice.com/game.php?id=1481296"]
[Date "2017.6.6"]
[Round "-"]
[White "vivi_jamile"]
[Black "andrevillares"]
[Result "0-1"]
[WhiteElo "1322"]
[BlackElo "2124"]

1. e4 c6 2. d3 d5 3. Nc3 e5 4. Nf3 Bg4 5. Bg5 Bxf3 6. Qxf3 Qxg5 7. h4 dxe4 8.
Nxe4 Qd8 9. O-O-O Nd7 10. Ng5 Ngf6 11. d4 Be7 12. Bc4 O-O 13. Qb3 Qe8 14. dxe5
Nxe5 15. Rhe1 Nxc4 16. Qxc4 Nd5 17. Qe4 Bxg5+ 18. Qe3 Bxe3+ 19. fxe3 Qe4 20. b3
Nb4 21. Rf1 Qxc2# 0-1

[Event "Challenge"]
[Site "http://www.queenalice.com/game.php?id=1481297"]
[Date "2017.6.6"]
[Round "-"]
[White "andrevillares"]
[Black "vivi_jamile"]
[Result "1-0"]
[WhiteElo "1869"]
[BlackElo "1320"]

1. d4 d5 2. c4 e6 3. Nc3 Nc6 4. Nf3 Bb4 5. Bg5 f6 6. Bf4 g5 7. Bd2 dxc4 8. e3 e5
9. Bxc4 exd4 10. exd4 Nge7 11. O-O Nxd4 12. Nxd4 Nf5 13. Nxf5 Bxf5 14. Qa4+ Bd7
15. Qxb4 a5 16. Rfe1+ Be6 17. Rxe6+ Kd7 18. Qb5+ c6 19. Qxb7+ Qc7 20. Re7+ Kxe7
21. Qxc7+ Ke8 22. Re1+ Kf8 23. Qf7# 1-0

[Event "Lets bora II"]
[Site "http://www.queenalice.com/game.php?id=1485707"]
[Date "2017.7.12"]
[Round "-"]
[White "Tantalo"]
[Black "vivi_jamile"]
[Result "1-0"]
[WhiteElo "1440"]
[BlackElo "1318"]

1. e4 e5 2. Nf3 Nf6 3. Nc3 Bb4 4. a3 Bxc3 5. bxc3 Nc6 6. Bc4 Nxe4 7. Qe2 Nc5 8.
d4 Na4 9. Ng5 Nxc3 10. Qf3 f6 11. Nf7 Nxd4 12. Qxc3 b5 13. Nxd8 Kxd8 14. Bd5 c6
15. Bf7 Rb8 16. O-O Ne2+ 17. Kh1 Rf8 18. Qa5+ 1-0

[Event "Challenge"]
[Site "http://www.queenalice.com/game.php?id=1592128"]
[Date "2019.12.5"]
[Round "-"]
[White "tche_elvio"]
[Black "vivi_jamile"]
[Result "1-0"]
[WhiteElo "1569"]
[BlackElo "1305"]

1. d4 d5 2. c4 c6 3. Nc3 Nf6 4. g3 Bg4 5. Bg2 Nbd7 6. Nf3 e6 7. c5 Be7 8. O-O
O-O 9. a3 b5 10. b4 a5 11. Na2 axb4 12. axb4 Ne4 13. Bb2 Bg5 14. Nc3 Rxa1 15.
Bxa1 Bd2 16. Nxd2 Qg5 17. Ncxe4 dxe4 18. Nxe4 Qf5 19. Nd6 Qg6 20. Bxc6 Nf6 21.
Bxb5 Bh3 22. Bd3 Qg4 23. Re1 Nd5 24. e4 Qg5 25. exd5 Bg4 26. Ne4 Qg6 27. Nf6+
Qxf6 28. Qxg4 exd5 29. Qf5 Rb8 30. Qxh7+ Kf8 31. Qh8# 1-0

[Event "Challenge"]
[Site "http://www.queenalice.com/game.php?id=1592129"]
[Date "2019.12.5"]
[Round "-"]
[White "PatricioKM"]
[Black "vivi_jamile"]
[Result "1-0"]
[WhiteElo "1751"]
[BlackElo "1307"]

1. e4 e5 2. Nf3 Nc6 3. d4 Bb4+ 4. c3 Ba5 5. Bb5 Nf6 6. Nbd2 O-O 7. O-O d6 8.
Bxc6 bxc6 9. dxe5 dxe5 10. Nxe5 Qd6 11. Ndf3 Qc5 12. b4 Qb5 13. bxa5 Ba6 14. Be3
Rad8 15. Qc2 Qxa5 16. Nxc6 Qa3 17. Nxd8 Bxf1 18. Nb7 Bc4 19. Bc5 Qa4 20. Qxa4
Nxe4 21. Bxf8 Kxf8 22. Qxc4 a5 23. Qxc7 f5 24. Qxa5 g5 25. Qxf5+ Ke7 26. Qxe4+
Kf6 27. Rd1 h5 28. Rd6+ Kg7 29. Qe7+ Kg8 30. Rd8# 1-0

[Event "Challenge"]
[Site "http://www.queenalice.com/game.php?id=1592130"]
[Date "2019.12.5"]
[Round "-"]
[White "LuizFerreira"]
[Black "vivi_jamile"]
[Result "1/2-1/2"]
[WhiteElo "1407"]
[BlackElo "1300"]

1. Nf3 Nc6 2. Nc3 Nf6 3. e3 d5 4. Bb5 a6 5. Ba4 b5 6. Bb3 e6 7. Nh4 Bd6 8. Nf3
O-O 9. d4 Nb4 10. a3 Ne4 11. axb4 Bxb4 12. O-O Nxc3 13. bxc3 Be7 14. Ne5 f6 15.
Nc6 Qd6 16. Nb4 e5 17. Bxd5+ Be6 18. Bc6 exd4 19. exd4 Qd8 20. Qf3 Rb8 21. Nxa6
Rb6 22. Qe4 Bc4 23. Rd1 f5 24. Qf3 Qd6 25. d5 Qg6 26. Nxc7 b4 27. cxb4 Rxb4 28.
Ba3 Be2 29. Qxe2 Rg4 30. Bxe7 Rf7 31. Ra8+ Rf8 32. Bxf8 Rxg2+ 33. Kh1 Qh5 34.
Qxh5 g6 35. Qh6 Kf7 36. Kxg2 f4 37. Qxh7+ Kf6 38. Re8 Kg5 39. h3 Kf5 40. Qf7+
Kg5 41. Rd3 Kh4 42. Qxg6 f3+ 43. Kh2 1/2-1/2

[Event "Site's Suggest Opponents"]
[Site "http://www.queenalice.com/game.php?id=1598908"]
[Date "2020.2.9"]
[Round "-"]
[White "BobFish"]
[Black "vivi_jamile"]
[Result "1-0"]
[WhiteElo "1657"]
[BlackElo "1302"]

1. e4 e5 2. Nf3 d6 3. Bc4 Be6 4. Bxe6 fxe6 5. O-O Nf6 6. d4 exd4 7. Nxd4 e5 8.
Nf5 Nxe4 9. Qd5 g6 10. Qxe4 Bh6 11. Nxh6 Nc6 12. Nc3 Nd4 13. Qxb7 Rb8 14. Qxa7
Nxc2 15. Qa4+ Qd7 16. Qxc2 Rf8 17. Ne4 d5 18. Ng5 Rf6 19. Qc3 d4 20. Qc4 Qg7 21.
Ne6 Rc8 22. Nxg7+ Ke7 23. Bg5 Rg8 24. Nxg8+ Kd7 25. Nxf6+ Ke7 26. Qxc7+ Kf8 27.
Ne6# 1-0

[Event "Site's Suggest Opponents"]
[Site "http://www.queenalice.com/game.php?id=1598910"]
[Date "2020.2.9"]
[Round "-"]
[White "BobFish"]
[Black "vivi_jamile"]
[Result "1-0"]
[WhiteElo "1700"]
[BlackElo "1304"]

1. e4 e5 2. Nf3 f6 3. Nxe5 fxe5 4. Qh5+ g6 5. Qxe5+ Ne7 6. Qxh8 d5 7. Bb5+ Bd7
8. a4 dxe4 9. Qxh7 c6 10. Bc4 Bg4 11. Bf7+ Kd7 12. Bxg6 b5 13. Bxe4 bxa4 14.
Rxa4 Qb6 15. O-O Na6 16. Nc3 Nb4 17. d4 Qxd4 18. h3 Be6 19. Rd1 Bg8 20. Rxd4+
Kc8 21. Qh5 Nxc2 22. Qe8+ Kb7 23. Rd7+ Kb6 24. Qxa8 Bb3 25. Qxa7# 1-0

[Event "Site's Suggest Opponents"]
[Site "http://www.queenalice.com/game.php?id=1599115"]
[Date "2020.2.11"]
[Round "-"]
[White "vivi_jamile"]
[Black "BobFish"]
[Result "0-1"]
[WhiteElo "1300"]
[BlackElo "1677"]

1. d4 e6 2. Nh3 d5 3. Bg5 Be7 4. e3 Bxg5 5. Bb5+ c6 6. Ba4 Be7 7. Nc3 Na6 8. O-O
Nf6 9. Nf4 Bd6 10. Nh5 b5 11. Bb3 Nxh5 12. Ne2 Qh4 13. Ng3 Nf6 14. Qd2 Ng4 15.
h3 Nxf2 16. Qxf2 Qxg3 17. Qxf7+ Kd8 18. c3 Qh2+ 19. Kf2 Rf8 20. Ke2 Rxf7 21.
Rxf7 Qxg2+ 22. Kd3 Qg6+ 23. e4 Qxf7 24. a4 Qf4 25. axb5 Qxe4+ 26. Kd2 Bf4+ 27.
Kd1 Qd3+ 28. Ke1 Bg3# 0-1

[Event "Challenge"]
[Site "http://www.queenalice.com/game.php?id=1605225"]
[Date "2020.4.1"]
[Round "-"]
[White "LuizFerreira"]
[Black "vivi_jamile"]
[Result "1/2-1/2"]
[WhiteElo "1363"]
[BlackElo "1322"]

1. Nf3 Nf6 2. Nc3 d6 3. d4 d5 4. Bg5 Bf5 5. Nh4 Ne4 6. Nxf5 Nxg5 7. e3 Ne4 8.
Na4 e6 9. Bb5+ c6 10. Bd3 Bb4+ 11. Kf1 g6 12. Nh6 Nd2+ 13. Kg1 Qh4 14. c3 Bd6
15. Qxd2 Qxh6 16. Qc2 b5 17. Nc5 Nd7 18. Nb7 Be7 19. Be2 Rb8 20. Na5 Nf6 21.
Nxc6 Bd6 22. Nxa7 Rb7 23. Nc6 Ne4 24. f4 Rb6 25. Na7 Bb8 26. Nc8 Rc6 27. Bxb5
Kd7 28. Qb3 Nd2 29. Qa4 Rxc8 30. Qa8 Qh4 31. Qb7+ Kd6 32. Bxc6 Rxc6 33. Qxb8+
Kd7 34. Qb7+ Kd6 35. Qxf7 Qg4 36. Qf8+ Kc7 37. Qe7+ Kb6 38. Qd8+ Kb5 39. Qd7 Qe2
40. Qb7+ Rb6 41. Qd7+ Ka5 42. Qa7+ Kb5 43. a4+ Kc6 44. Qa8+ Kc7 45. Qa7+ Kc6 46.
Qa8+ Kc7 47. Qa7+ Kc6 48. Qa8+ 1/2-1/2

[Event "Challenge"]
[Site "http://www.queenalice.com/game.php?id=1608275"]
[Date "2020.4.19"]
[Round "-"]
[White "zatara123"]
[Black "vivi_jamile"]
[Result "0-1"]
[WhiteElo "1497"]
[BlackElo "1298"]

1. Nc3 e5 2. e3 Nc6 3. Bc4 Bc5 4. Qg4 Nf6 5. Qxg7 Rf8 6. d3 Nh5 7. Qxh7 Nf6 8.
Qh4 Nb4 9. Kd2 d5 10. Bb5+ c6 11. Ba4 Bg4 12. h3 Bh5 13. g4 Bg6 14. Nf3 b5 15.
Bb3 d4 16. Na4 bxa4 17. Bxa4 dxe3+ 18. fxe3 e4 19. Bxc6+ Nxc6 20. Nd4 Na5 21.
Rf1 Bb4+ 22. c3 Bc5 23. b4 Bxd4 24. bxa5 Bc5 25. Rxf6 exd3 26. g5 Qe7 27. Rf3 f5
28. Kxd3 f4+ 29. e4 Qxe4+ 30. Kd2 Qxf3 31. Qe1+ Kf7 32. Rb1 Rad8# 0-1

[Event "Challenge"]
[Site "http://www.queenalice.com/game.php?id=1611922"]
[Date "2020.5.12"]
[Round "-"]
[White "AdilsonGomes"]
[Black "vivi_jamile"]
[Result "1-0"]
[WhiteElo "1537"]
[BlackElo "1322"]

1. b3 Nc6 2. Bb2 e5 3. Nf3 Bc5 4. e3 Nf6 5. d4 exd4 6. exd4 Bb4+ 7. c3 Ba5 8. b4
Qe7+ 9. Be2 Bb6 10. Nbd2 O-O 11. O-O d5 12. a4 Bf5 13. a5 Bxa5 14. bxa5 Nxa5 15.
Rxa5 b6 16. Ra1 a5 17. Ba3 Qe6 18. Bxf8 Rxf8 19. Nh4 Ne4 20. Nxf5 Qxf5 21. Nxe4
dxe4 22. c4 c5 23. d5 Qf6 24. h3 Qd4 25. Qxd4 cxd4 26. c5 bxc5 27. Rxa5 e3 28.
fxe3 dxe3 29. Rxc5 Re8 30. d6 1-0

[Event "Challenge"]
[Site "http://www.queenalice.com/game.php?id=1611923"]
[Date "2020.5.12"]
[Round "-"]
[White "vivi_jamile"]
[Black "AdilsonGomes"]
[Result "0-1"]
[WhiteElo "1315"]
[BlackElo "1544"]

1. e4 b6 2. Nc3 Bb7 3. d3 e6 4. Nf3 Nf6 5. Bf4 Nh5 6. Bg5 f6 7. Be3 e5 8. g4 Nf4
9. Qd2 Nc6 10. O-O-O g5 11. Nd5 a5 12. Bh3 Nxh3 13. Ng1 Nf4 14. Nf3 Nb4 15. Nxf4
gxf4 16. Bxf4 exf4 17. Qxf4 Nxa2+ 18. Kb1 Nb4 19. c3 Nc6 20. Nd4 Nxd4 21. g5 Ne6
22. Qf5 fxg5 23. Rhf1 Qe7 24. f4 gxf4 25. h4 O-O-O 26. c4 Bg7 27. h5 Qb4 0-1

[Event "Challenge"]
[Site "http://www.queenalice.com/game.php?id=1614889"]
[Date "2020.6.2"]
[Round "-"]
[White "montelo"]
[Black "vivi_jamile"]
[Result "1-0"]
[WhiteElo "2123"]
[BlackElo "1324"]

1. e4 e5 2. Nc3 Nf6 3. Qf3 Bc5 4. Bc4 O-O 5. d3 d6 6. Bg5 Nbd7 7. Nd5 c6 8.
Nxf6+ Nxf6 9. Bxf6 gxf6 10. h4 Be6 11. h5 f5 12. exf5 Bd7 13. h6 Bb4+ 14. c3 d5
15. Qg4+ Kh8 16. Qg7# 1-0